Country by Non-Sovereign Nation II Quiz Stats

 Plays Quiz Updated Sep 28, 2014

Challenge
Share
Tweet
Embed
Score 0/30 Timer 05:00
3 Plays Today
% Correct
United Kingdom
92%
Italy
91.6%
China
89%
Mauritania and Morocco
75.6%
France
71.7%
Greece
70.9%
United States of America
59.8%
Spain
59.4%
Portugal
57.2%
South Korea
49.3%
Yemen
46.2%
South Africa
44.1%
Pakistan
43.3%
Russia
41.8%
Indonesia
39.9%
% Correct
Bosnia and Herzegovina
35.9%
Nigeria
33.5%
Serbia
33%
Democratic Republic of the Congo
32.1%
Nicaragua
28.2%
Kazakhstan, Turkmenistan and Uzbekistan
27.6%
Romania
27.5%
Azerbaijan
24.2%
Papua New Guinea
21%
Ethiopia
17.1%
Fiji
15.9%
Oman
15.3%
Thailand
14.9%
Niger
13.3%
India
10.1%

You're not logged in!

Compare scores with friends on all Sporcle quizzes.
Join for Free
OR
Log In

You Might Also Like...

Show Comments

Extras

Top Quizzes Today


Score Distribution

Your Account Isn't Verified!

In order to create a playlist on Sporcle, you need to verify the email address you used during registration. Go to your Sporcle Settings to finish the process.

Report this User

Report this user for behavior that violates our Community Guidelines.

Details: